<?xml version="1.0" encoding="UTF-8"?>
<record
    xmlns:xsi="http://www.w3.org/2001/XMLSchema-instance"
    xsi:schemaLocation="http://www.loc.gov/MARC21/slim http://www.loc.gov/standards/marcxml/schema/MARC21slim.xsd"
    xmlns="http://www.loc.gov/MARC21/slim">

  <leader>01201nam a22002657a 4500</leader>
  <controlfield tag="005">20170124103119.0</controlfield>
  <datafield tag="010" ind1=" " ind2=" ">
    <subfield code="a">B-091670</subfield>
  </datafield>
  <datafield tag="020" ind1=" " ind2=" ">
    <subfield code="c">150.00</subfield>
  </datafield>
  <datafield tag="035" ind1=" " ind2=" ">
    <subfield code="a">B-091670</subfield>
  </datafield>
  <datafield tag="037" ind1=" " ind2=" ">
    <subfield code="b">Cen Lib/Ret</subfield>
  </datafield>
  <datafield tag="040" ind1=" " ind2=" ">
    <subfield code="a">DPL</subfield>
    <subfield code="b">HN</subfield>
  </datafield>
  <datafield tag="082" ind1=" " ind2=" ">
    <subfield code="a">303.6</subfield>
    <subfield code="b">&#x916;&#x93E;&#x928;&#x915;&#x93E;</subfield>
  </datafield>
  <datafield tag="100" ind1=" " ind2=" ">
    <subfield code="a">&#x916;&#x93E;&#x928;&#x915;&#x93E;&#x939;&#x940;, &#x928;&#x93F;&#x936;&#x94D;&#x924;&#x930; </subfield>
    <subfield code="9">81611</subfield>
  </datafield>
  <datafield tag="245" ind1=" " ind2=" ">
    <subfield code="a">&#x939;&#x93F;&#x902;&#x938;&#x93E; &#x915;&#x948;&#x938;&#x940;-&#x915;&#x948;&#x938;&#x940; /</subfield>
    <subfield code="c">&#x928;&#x93F;&#x936;&#x94D;&#x924;&#x930; &#x916;&#x93E;&#x928;&#x915;&#x93E;&#x939;&#x940; [&#x914;&#x930;] &#x917;&#x93F;&#x930;&#x93F;&#x930;&#x93E;&#x91C;&#x936;&#x930;&#x923; &#x905;&#x917;&#x94D;&#x930;&#x935;&#x93E;&#x932; </subfield>
  </datafield>
  <datafield tag="246" ind1=" " ind2=" ">
    <subfield code="a">Hinsa kaisi-kaisi /</subfield>
    <subfield code="b">by Nishtar Khankahi [aur] Girirajsharan Agrawal</subfield>
  </datafield>
  <datafield tag="260" ind1=" " ind2=" ">
    <subfield code="a">&#x928;&#x908; &#x926;&#x93F;&#x932;&#x94D;&#x932;&#x940; </subfield>
    <subfield code="b">&#x921;&#x93E;&#x92F;&#x92E;&#x902;&#x921; &#x92A;&#x949;&#x915;&#x947;&#x91F; &#x92C;&#x941;&#x915;&#x94D;&#x938; </subfield>
    <subfield code="c">2003</subfield>
  </datafield>
  <datafield tag="270" ind1=" " ind2=" ">
    <subfield code="b">&#x928;&#x908; &#x926;&#x93F;&#x932;&#x94D;&#x932;&#x940; </subfield>
    <subfield code="a">X-30 &#x913;&#x916;&#x932;&#x93E; &#x907;&#x902;&#x921;.&#x90F;&#x930;&#x93F;&#x92F;&#x93E;, &#x92B;&#x947;&#x91C;-2</subfield>
    <subfield code="e">110020</subfield>
  </datafield>
  <datafield tag="300" ind1=" " ind2=" ">
    <subfield code="a">1761&#x92A;&#x943;. </subfield>
    <subfield code="c">20&#x938;&#x947;&#x92E;&#x940;(&#x938;&#x91C;&#x93F;&#x932;&#x94D;&#x926;)</subfield>
  </datafield>
  <datafield tag="650" ind1=" " ind2=" ">
    <subfield code="a">&#x938;&#x92E;&#x93E;&#x91C; &#x92E;&#x947;&#x902; &#x939;&#x93F;&#x902;&#x938;&#x93E; </subfield>
    <subfield code="9">48235</subfield>
  </datafield>
  <datafield tag="650" ind1=" " ind2=" ">
    <subfield code="a">&#x939;&#x93F;&#x902;&#x938;&#x93E; &#x914;&#x930; &#x915;&#x93E;&#x928;&#x942;&#x928; </subfield>
    <subfield code="9">1726</subfield>
  </datafield>
  <datafield tag="650" ind1=" " ind2=" ">
    <subfield code="a">Violence in society</subfield>
    <subfield code="9">81612</subfield>
  </datafield>
  <datafield tag="650" ind1=" " ind2=" ">
    <subfield code="a">Violence and the Law</subfield>
    <subfield code="9">81613</subfield>
  </datafield>
  <datafield tag="700" ind1=" " ind2=" ">
    <subfield code="a">&#x905;&#x917;&#x94D;&#x930;&#x935;&#x93E;&#x932;, &#x917;&#x93F;&#x930;&#x93F;&#x930;&#x93E;&#x91C;&#x936;&#x930;&#x923; </subfield>
    <subfield code="9">43015</subfield>
  </datafield>
  <datafield tag="942" ind1=" " ind2=" ">
    <subfield code="2">ddc</subfield>
    <subfield code="c">HN</subfield>
    <subfield code="h">303.6</subfield>
    <subfield code="m">&#x916;&#x93E;&#x928;&#x915;&#x93E;</subfield>
  </datafield>
  <datafield tag="999" ind1=" " ind2=" ">
    <subfield code="c">118719</subfield>
    <subfield code="d">118719</subfield>
  </datafield>
  <datafield tag="952" ind1=" " ind2=" ">
    <subfield code="0">0</subfield>
    <subfield code="1">0</subfield>
    <subfield code="4">0</subfield>
    <subfield code="7">0</subfield>
    <subfield code="a">L</subfield>
    <subfield code="b">L</subfield>
    <subfield code="d">2015-09-12</subfield>
    <subfield code="e">Cen Lib/Ret</subfield>
    <subfield code="g">150.00</subfield>
    <subfield code="l">0</subfield>
    <subfield code="o">303.6 &#x916;&#x93E;&#x928;&#x915;&#x93E;</subfield>
    <subfield code="p">B-091670</subfield>
    <subfield code="r">2015-09-12 00:00:00</subfield>
    <subfield code="t">1</subfield>
    <subfield code="v">150.00</subfield>
    <subfield code="w">2015-09-12</subfield>
    <subfield code="y">HN</subfield>
  </datafield>
</record>
